Red Dead Redemption 2 Gangs Horses - Statistics

General Stats
  • This quiz has been taken 931 times
  • The average score is 9 of 19
Answer Stats
Owner Horse % Correct
Dutch Van der Linde The Count
90%
John Marston (Epilogue) Rachel
71%
Bill Williamson Brown Jack
64%
John Marston (Main Story) Old Boy
63%
Charles Smith (Main Story) Taima
62%
Arthur Morgan/ John Marston (If stranger missions are completed) Buell
59%
Hosea Matthews Silver Dollar
55%
Micah Bell Baylock
52%
Javier Escuella Boaz
45%
Sadie Adler (Main Story) Bob
44%
Uncle (Main Story) Nell II
37%
Lenny Summers Maggie
36%
Sadie Adler (Epilogue) Hera
31%
Uncle (Epilogue) Nell IV
31%
Karen Jones Old Belle
31%
Kieran Duffy Branwen
29%
Sean MacGuire Ennis
29%
Josiah Trelawney Gwydion
23%
Charles Smith (Epilogue) Falmouth
14%
No matching quizzes found
Score Distribution
Percent of People with Each Score
Percentile by Number Answered
Your Score History
You have not taken this quiz